02020nam a2200409 i 4500001000700000003000700007005001700014008004100031017005000072020001800122035002100140035001300161040003900174080002000213080001500233100005800248245019700306260003500503300002900538336003200567337003100599338002400630490003900654504005300693534017600746594005400922610004900976650005201025700006501077700004601142830004601188852016501234942001801399954004001417999001901457952013401476195730SpMaBN20250928123436.0241215s2015 sp | |||| 001 0 spa  aM 35078-2015bOficina Depósito Legal Madrid a9788430967100 a(OCoLC)937772649 aa5738111 aSpMaBNbspacSpMaBNerdcdES-MaACL a342.53.047(410) a342.4(410) aPark, John James, d1795-18330XX13805519237401eaut14aLos dogmas de la Constitución /cJohn James Park ; edición y estudio preliminar de Joaquín Varela Suanzes-Carpegna ; traducción del inglés y epílogo de Ignacio Fernández Sarasola aMadrid :bTecnos,cD.L. 2015. aLXXXII, 229 p. :c20 cm. aTexto (visual)2isbdcontent asin mediación2isbdmedia 2rdacarrieravolumen1 aClásicos del pensamiento ;v141. aIncluye referencias bibliográficas e índice. tTraducción de: The dogmas of the Constitution. Four lectures, being the first, tenth, eleventh and thirteenth of a course on the theory and practice of the Constitution. aTítulo original: The dogmas of the Constitution 0aGran Bretaña.bParliamentxReforma9237402 7aDerecho constitucional-zGran Bretaña9151893 aVarela Suanzes-Carpegna, Joaquín, d1954-2018epbl92374031 aFernández Sarasola, Ignacio950084etrl aClásicos del pensamiento ;n1419239376 aES-MaACLcDEPOJjN-8736gContine anotaciones manuscritas de autor desconocido al principio de la obrahDonación: EditorialxEncuadernación rústica9204490 cMONOGRAFIAn0 iTatiana Alejandra de Castro Pérez c195730d195730 00102udc4070aATENEOMbATENEOMcDEPOJd2024-12-15eDONACIONl0oN-8736p101229294r2024-12-15 00:00:00w2024-12-15yMONOGRAFIA